| 000 | 00949cam a22002773a 4500 | ||
|---|---|---|---|
| 001 | 3415 | ||
| 003 | PGUSA | ||
| 005 | 20140828083031.0 | ||
| 008 | 020901s2002||||xxu|||||s|||||000 | eng d | ||
| 040 |
_aPGUSA _beng |
||
| 042 | _adc | ||
| 050 | 4 | _aG | |
| 100 | 1 |
_aAmundsen, Roald, _d1872-1928 |
|
| 245 | 1 | 4 |
_aThe South Pole; an account of the Norwegian antarctic expedition in the "Fram," 1910-1912 — Volume 2 _h[electronic resource] / _cRoald Amundsen |
| 260 |
_bProject Gutenberg, _c2002 |
||
| 500 | _aTranslation of Sydpolen. | ||
| 506 | _aPublic domain in the USA. | ||
| 516 | _aElectronic text | ||
| 653 | _aSouth Pole -- Discovery and exploration -- Norwegian | ||
| 653 | _aAmundsen, Roald, 1872-1928 -- Travel -- Antarctica | ||
| 653 | _aAntarctica -- Discovery and exploration -- Norwegian | ||
| 700 | 1 | _aChater, Arthur G. | |
| 830 | 0 |
_aProject Gutenberg _v3415 |
|
| 856 | 4 | 0 | _uhttp://www.gutenberg.org/ebooks/3415 |
| 942 | _cEB | ||
| 999 |
_c232744 _d232744 |
||